Master and diciple (Record no. 1239239)

MARC details
000 -LEADER
fixed length control field 00477nam a2200193Ia 4500
008 - FIXED-LENGTH DATA ELEMENTS--GENERAL INFORMATION
fixed length control field 151121s9999||||xx |||||||||||||| ||und||
082 ## - DEWEY DECIMAL CLASSIFICATION NUMBER
Classification number 804/PAN
082 ## - DEWEY DECIMAL CLASSIFICATION NUMBER
Item number HNW-56855
100 ## - MAIN ENTRY--PERSONAL NAME
Personal name Aiyar S।Duraiswamy
245 ## - TITLE STATEMENT
Title Master and diciple
260 ## - PUBLICATION, DISTRIBUTION, ETC. (IMPRINT)
Name of publisher, distributor, etc Dipti Publication।
260 ## - PUBLICATION, DISTRIBUTION, ETC. (IMPRINT)
Date of publication, distribution, etc --
300 ## - PHYSICAL DESCRIPTION
Extent 16
600 ## - SUBJECT ADDED ENTRY--PERSONAL NAME
Personal name Aiyar S।Duraiswamy
630 ## - SUBJECT ADDED ENTRY--UNIFORM TITLE
Uniform title Master and diciple
700 ## - ADDED ENTRY--PERSONAL NAME
Personal name Aiyar S।Duraiswamy
730 ## - ADDED ENTRY--UNIFORM TITLE
Uniform title Master and diciple
942 ## - ADDED ENTRY ELEMENTS (KOHA)
Koha item type Book
Holdings
Withdrawn status Lost status Damaged status Not for loan Home library Current library Date acquired Cost, normal purchase price Total Checkouts Full call number Barcode Date last seen Cost, replacement price Price effective from Koha item type
        Hirachand Nemchand Wachanalaya, Solapur Hirachand Nemchand Wachanalaya, Solapur 11/21/2015 2.00   HNW-56855 HNW-56855 11/21/2015 2.00 11/21/2015 Book